| 000 | 00706cam a22002413a 4500 | ||
|---|---|---|---|
| 001 | 9956 | ||
| 003 | PGUSA | ||
| 005 | 20140828083218.0 | ||
| 008 | 060201s2006||||xxu|||||s|||||000 1 eng d | ||
| 040 |
_aPGUSA _beng |
||
| 042 | _adc | ||
| 050 | 4 | _aPR | |
| 100 | 1 |
_aLee, Vernon, _d1856-1935 |
|
| 245 | 1 | 0 |
_aHauntings : _bFantastic Stories _h[electronic resource] / _cVernon Lee |
| 260 |
_bProject Gutenberg, _c2006 |
||
| 505 | 0 | _aAmour dure -- Dionea -- Oke of Okehurst -- A wicked voice. | |
| 506 | _aPublic domain in the USA. | ||
| 516 | _aElectronic text | ||
| 653 | _aFantasy fiction, English | ||
| 830 | 0 |
_aProject Gutenberg _v9956 |
|
| 856 | 4 | 0 | _uhttp://www.gutenberg.org/ebooks/9956 |
| 942 | _cEB | ||
| 999 |
_c239212 _d239212 |
||